| 000 | 00994cam a2200289 i 4500 | ||
|---|---|---|---|
| 999 |
_c200442198 _d60410 |
||
| 003 | TR-AnTOB | ||
| 005 | 20220526164836.0 | ||
| 007 | ta | ||
| 008 | 781012r1979 nyua b 001 0 eng | ||
| 040 |
_aDLC _beng _erda _cDLC _dDLC _dTR-AnTOB |
||
| 041 | 0 | _aeng | |
| 050 | 0 | 4 |
_aTP245.C4 _bM36 1968 |
| 090 |
_aTP245.C4 _bM36 1968 |
||
| 100 | 1 |
_aMantell, C. L. _q(Charles Letnam), _d1897-1985 _9131610 |
|
| 245 | 1 | 0 |
_aCarbon and graphite handbook / _cCharles L. Mantell. |
| 264 | 1 |
_aHuntington, N.Y. : _bR. E. Krieger Pub. Co., _c1979, c1968. |
|
| 300 |
_ax, 538 pages : _billustration, tables, graphics ; _c28 cm |
||
| 336 |
_2rdacontent _atext _btxt |
||
| 337 |
_2rdamedia _aunmediated _bn |
||
| 338 |
_2rdacarrier _avolume _bnc |
||
| 500 | _aReprint of the ed. published by Interscience Publishers, New York. | ||
| 650 | 0 |
_aCarbon _vHandbooks, manuals, etc. _9137123 |
|
| 650 | 0 |
_aGraphite _vHandbooks, manuals, etc. _9100649 |
|
| 942 |
_2lcc _cBK |
||